مهارات وفن التخطيط للمستقبل / (رقم التسجيلة. 82405)

تفاصيل مارك
000 -الفاتح
حقل البيانات ثابتة الطول 00865nam a2200241 4500
001 - رقم الضبط
رقم الضبط
003 - محدد رقم الضبط
رقم الضبط OSt
005 - وقت وتاريخ اخر تعامل مع التسجيلة
رقم الضبط 20220911150455.0
008 - عناصر البيانات ثابتة الطول - معلومات عامة
حقل البيانات ثابتة الطول 140710s2014____jo g 000 0 ara c
020 ## - الرقم الدولى المعيارى للكتب
الرقم الدولى المعيارى للكتاب 9789957382940
040 ## - مصدر الفهرسة
وكالة الفهرسة الأصلية MA-UN
لغة الفهرسة
وكالة النسخ MA-UN
082 04 - رقم تصنيف ديوى العشرى
رقم التصنيف 153.83
رقم المادة ق م م
رقم الطبعة 21
100 1# - المدخل الرئيسى - إسم شخصى
الإسم الشخصى قطناني، محمد حسين
245 10 - بيان العنوان
العنوان مهارات وفن التخطيط للمستقبل /
بيان المسئوليه,etc إعداد محمد حسين قطناني.
250 ## - بيان الطبعة
بيان الطبعة ط. 1.
260 ## - PUBLICATION, DISTRIBUTION, ETC. (IMPRINT)
مكان الناشر او الموزع عمان، الأردن :
اسم الناشر او الموزع دار جرير للنشر والتوزيع،
تاريخ النشر أو التوزيع 2014
تاريخ النشر هجري 1435.
300 ## - الوصف المادى
التعداد 114 ص. ؛
أبعاد الوعاء 24 سم.
504 ## - تبصرة ببليوجرافية
تبصرة ببليوجرافية,الخ يشتمل على قائمة ببليوجرافية.
650 #7 - المدخل الاضافى بالموضوع-مصطلح موضوعى
مصطلح موضوعي أو اسم جغرافي كعنصر مدخل اتخاذ القرارات
التقسيم الفرعي العام جوانب نفسية
952 ## - LOCATION AND ITEM INFORMATION (KOHA)
نوع المادة فى نظام كوها كتاب
952 ## - LOCATION AND ITEM INFORMATION (KOHA)
نوع المادة فى نظام كوها كتاب
952 ## - LOCATION AND ITEM INFORMATION (KOHA)
نوع المادة فى نظام كوها كتاب
952 ## - LOCATION AND ITEM INFORMATION (KOHA)
نوع المادة فى نظام كوها كتاب
952 ## - LOCATION AND ITEM INFORMATION (KOHA)
نوع المادة فى نظام كوها كتاب
952 ## - LOCATION AND ITEM INFORMATION (KOHA)
نوع المادة فى نظام كوها كتاب
952 ## - LOCATION AND ITEM INFORMATION (KOHA)
نوع المادة فى نظام كوها كتاب
952 ## - LOCATION AND ITEM INFORMATION (KOHA)
نوع المادة فى نظام كوها كتاب
952 ## - LOCATION AND ITEM INFORMATION (KOHA)
نوع المادة فى نظام كوها كتاب
952 ## - LOCATION AND ITEM INFORMATION (KOHA)
نوع المادة فى نظام كوها كتاب
952 ## - LOCATION AND ITEM INFORMATION (KOHA)
نوع المادة فى نظام كوها كتاب
952 ## - LOCATION AND ITEM INFORMATION (KOHA)
نوع المادة فى نظام كوها كتاب
952 ## - LOCATION AND ITEM INFORMATION (KOHA)
نوع المادة فى نظام كوها كتاب
952 ## - LOCATION AND ITEM INFORMATION (KOHA)
نوع المادة فى نظام كوها كتاب
952 ## - LOCATION AND ITEM INFORMATION (KOHA)
نوع المادة فى نظام كوها كتاب
440 ## - بيان السلسلة/مدخل إضافى-العنوان
العنوان سلسلة تطوير المهارات الحياتية
9 (RLIN) 91986
535 2# - تبصرة موقع الأصول / النسخ
المالك 3
942 ## -
-- ddc
-- BOOK
المقتنيات
حالة الفقد نموذج السعر الفعال حالة تلف ليس للاعارة تاريخ الاكتساب رقم الطلب تاريخ الاكتساب الموقع الحالي الباركود الفرع الرئيسي Date last seen مصدر التصنيف او خطة الترفيف Total Checkouts
  2022-09-11   Not For Loan 2022-09-11 153.83 ق م م 2022-09-11 CL 00196352 المكتبة المركزية بالمجمعة (CL) 2022-09-11 Dewey Decimal Classification  
  2022-09-11     2022-09-11 153.83 ق م م 2022-09-11 CL 00196353 المكتبة المركزية بالمجمعة (CL) 2022-09-11 Dewey Decimal Classification  
  2022-09-11     2022-09-11 153.83 ق م م 2022-09-11 CL 00196354 المكتبة المركزية بالمجمعة (CL) 2022-09-11 Dewey Decimal Classification  
  2022-09-11   Not For Loan 2022-09-11 153.83 ق م م 2022-09-11 IC 00196355 قسم الاجراءات الفنية (IC) 2022-09-11 Dewey Decimal Classification  
  2022-09-11     2022-09-11 153.83 ق م م 2022-09-11 IC 00196356 قسم الاجراءات الفنية (IC) 2022-09-11 Dewey Decimal Classification  
  2022-09-11   Not For Loan 2022-09-11 153.83 ق م م 2022-09-11 IC 00196357 قسم الاجراءات الفنية (IC) 2022-09-11 Dewey Decimal Classification  
  2022-09-11     2022-09-11 153.83 ق م م 2022-09-11 IC 00196358 قسم الاجراءات الفنية (IC) 2022-09-11 Dewey Decimal Classification  
  2022-09-11   Not For Loan 2022-09-11 153.83 ق م م 2022-09-11 IC 00196363 قسم الاجراءات الفنية (IC) 2022-09-11 Dewey Decimal Classification  
  2022-09-11     2022-09-11 153.83 ق م م 2022-09-11 IC 00196364 قسم الاجراءات الفنية (IC) 2022-09-11 Dewey Decimal Classification  
  2022-09-11   Not For Loan 2022-09-11 153.83 ق م م 2022-09-11 SRF 00196359 مكتبة كلية العلوم و الدراسات الإنسانية برماح - طالبات (SRF) 2022-09-11 Dewey Decimal Classification  
  2022-09-11     2022-09-11 153.83 ق م م 2022-09-11 SRF 00196360 مكتبة كلية العلوم و الدراسات الإنسانية برماح - طالبات (SRF) 2022-09-11 Dewey Decimal Classification  
  2022-09-11   Not For Loan 2022-09-11 153.83 ق م م 2022-09-11 SRM 00196361 مكتبة كلية العلوم و الدراسات الإنسانية برماح - طلاب (SRM) 2022-09-11 Dewey Decimal Classification  
  2022-09-11     2022-09-11 153.83 ق م م 2022-09-11 SRM 00196362 مكتبة كلية العلوم و الدراسات الإنسانية برماح - طلاب (SRM) 2022-09-11 Dewey Decimal Classification  
  2022-09-11   Not For Loan 2022-09-11 153.83 ق م م 2022-09-11 SZM 00196365 مكتبة مجمع الكليات بالزلفى - طلاب (SZM) 2022-09-11 Dewey Decimal Classification  
  2022-09-11     2022-09-11 153.83 ق م م 2022-09-11 SZM 00196366 مكتبة مجمع الكليات بالزلفى - طلاب (SZM) 2022-09-11 Dewey Decimal Classification